MDQL
is popping MORE tags! Check the
thread
!
Quizzes
Events
Quiz Creation
Community
Videos
Private Events
Remove Ads
Sign In
Join for FREE
Feedback
Dark Mode
Quiz Categories
Sports
Geography
Music
Movies
Television
Just For Fun
Miscellaneous
History
Literature
Language
Science
Gaming
Entertainment
Religion
Holiday
For Kids
Quiz Lab
Recent
Popular Today
Quiz Kudos Today
Editor Picks
Curator Picks
Quizzes by...
Day
Popularity
Type
Ratings
Length
Year
Community
Subscriptions
Recent Discussions
Orange Saloon
Badges
Playlists
Quests
Create
Leaderboards
Showdown
Live 5
Trivia Bingo
Activity
Puzzle Library
Sporcle Events
Private Events
Virtual Trivia
Globe League
Become a Host
Pub Owners
SporcleCon
Opinionation
Our Games
Videos
Blog
Mobile Apps
Partnerships
Remove Ads and Go Orange
Feedback
Television
TV Characters
TV Show
Sitcom
Network
Friends
Reality Shows
Cast
South Park
Star Trek
The Simpsons
Doctor Who
Television
TV Characters
TV Show
Sitcom
Network
Friends
Reality Shows
Cast
South Park
Star Trek
The Simpsons
Doctor Who
Random Quiz
Search Sporcle
×
Quiz Lab
Quiz Lab
Television
Seinfeld
Type in answers that appear in a list
Type in answers that appear in a list
Classic
Best Score? Go Orange.
Seinfeld Trivia Stats
Can you name the Seinfeld Trivia?
By
nwaldrip
8m
16 Questions
1,340 Plays
1,340 Plays
1,340 Plays
Comments
Comments
Give Quiz Kudos
Give Quiz Kudos
-
- Ratings
hide this ad
Replay
Link that replays current quiz
Next Quiz
Link to next quiz in quiz playlist
You Got
0%
They Got
Avg Score
41%
Avg Friend Score
Upgrade to see
Score Distribution
Jump to the score distribution portion of the page
Score
0/16
Timer
08:00
0
Plays Today
Hint
Answer
% Correct
Who double parks in front of George and Kramer at the liquor store?
Saddam Hussein
64.3%
What brand of liquor does Jerry keep in his apartment?
Hennigans
59.4%
What type of liquor get Elaine to open her vault?
Peach Schnapps
55.9%
What does Newman drink after eating broccoli?
Honey Mustard
53.7%
What does Elaine tell Susan her boyfriend imports and exports?
Chips
51.2%
What did Kramer feed Rusty?
Beefarino
51.1%
Who did Todd Gack bet was in Star Wars?
Dustin Hoffman
49.9%
What does Frank Constanza find distracting (during Christmas time)?
Tinsel
48.1%
Hint
Answer
% Correct
What does George tell Susan that Elaine's boyfriend imports?
Matches
42%
What song wins Mr. Pitt a spot in the Macy's Day Parade?
Next Stop Pottersville
38.2%
What Yankees player is supposed to attend the Pledge Drive?
Danny Tartabull
36.5%
What candy is included on the Kramer reality tour?
3 Musketeers
34.1%
How many computers does Art Vandelay buy?
2 dozen
31.7%
What are Jerry and Ethan drinking when Jessie interrupts (The Wig Master)?
Champagne Coolies
24.2%
What movie did Elaine and Todd Gack see?
Blame it on the Rain
20.6%
Who does George think Elaine's coffee stain look like?
Art Garfunkel
7.9%
Quiz Playlist
Details
Report
Send in Message
Add To Playlist
Classic:
Type in answers that appear in a list
Last Updated: Sep 8, 2017
Quiz Scoreboard
CHALLENGE
Sign Up to Join the Scoreboard
Show All
Scores
Hide
Comments
May contain spoilers
Recently Published
1-10 Letter E Words III
by El_Dandy
Language
2m
Street Fighter Characters
by Artimus82
Gaming
60s
College Basketball Coaching Resumes
by pancakes188
Sports
9m
More to Explore
Quiz From the Vault
Featured Blog Post
Where Did the Easter Bunny Come From?
hide this ad
You Might Also Like...
Tags
Seinfeld
Today's Top Quizzes in Television
Browse Television
hide this ad
Today's Top Quizzes in Seinfeld
Browse Seinfeld
Top Contributed Quizzes in Television
1
Survivor Journey Challenge
2
Adjectives in 80s TV Shows
3
5-to-1: The Simpsons Families
4
Adjectives in 00s TV Shows
5
5-to-1: Television Doctors
6
Adjectives in 10s TV Shows
7
7-to-1: TV Show Settings
8
5-to-1: Streaming Originals
9
Adjectives in 70s TV Shows
10
Survivor Seasons
Explore More
Trending Topics
Kpop
Crossword
Disney
Harry Potter
Marvel
Anime
NBA
The Office
WWE
Country
Puzzle
Pokémon
NFL
Soccer
Song
hide this ad
More By:
nwaldrip
Quiz
Plays
Rating
Category
Featured
Created
Ghostbusters Actors
41,792
3.94
Movies
Oct 2, 2009
Seinfeld Trivia
1,340
3.14
Television
Oct 12, 2009
Movie anagrams
296
3.10
Movies
Oct 7, 2009
Go to Creator's Profile
Score Distribution
Quiz Creator Spotlight
nwaldrip
Follow
Send a Message
Quizzes Created
-
Created Quiz Play Count
-
More By This Creator
Popular Quizzes Today
1
Find the US States - No Outlines Minefield
2
Find the Countries of Europe - No Outlines Minefield
3
The Countries of the World
4
Find the US States
5
Risky Map Clicking: Biggest States A-Z
6
US States
7
Popular People in 1961
8
Movies - When Are They Set?
More Television Quizzes
Five Decade TV Show Medley VI
Quiz Lab
Trending Quizzes
Risky Map Clicking: Least Populous States A-Z
Billboard Blitz: Aretha Franklin
Famous Russians: Author or Composer?
1-10 Letter G Words
Countries of the World: 200 Million BC
Recently Updated
Leaping Animals
pecheneg
Reality TV Shows (A-Z)
bhenderson79
Rickey Henderson's Hall of Fame Teammates
pecheneg
Champions League XIs: Arsenal
pecheneg
Quick Pick: Celebrities in WWE's Hall of Fame
aduchscher
A-Z Keypad Blitz II
pecheneg
Multiple Oscar Actors
pecheneg
Mystery Phrase Blitz: Oscar 'Best Actors'
pecheneg
F. Scott Fitzgerald Novels
LTH
Pick 3 Villains
ddd62291
Trending Topics
Anime
NBA
Marvel
Harry Potter
Disney
Crossword
Kpop
Puzzle
Song
NFL
The Office
Pokémon
Country
WWE
Soccer
Your Account Isn't Verified!
In order to create a playlist on Sporcle, you need to verify the email address you used during registration. Go to your
Sporcle Settings
to finish the process.
Report this User
Report this user for behavior that violates our
Community Guidelines
.
Details:
Send Report
Go to the Sporcle.com Mobile Site →
Comments